| 000 | 00515 a2200181 4500 | ||
|---|---|---|---|
| 003 | OSt | ||
| 005 | 20260307115612.0 | ||
| 008 | 260307b |||||||| |||| 00| 0 eng d | ||
| 020 | _a9789362544193 | ||
| 040 | _coclc | ||
| 082 |
_a894.812301 _bMOH/P |
||
| 100 | 1 |
_aMÅhanan, En., _d1933-1999 _96524 |
|
| 245 |
_aPRANAYAKATHAKAL / _cN MOHANAN |
||
| 250 | _a3RD ED. | ||
| 260 |
_aKottayam: _bD C Books. _c2024, |
||
| 300 | _a174 pages | ||
| 942 |
_2ddc _cBK _h894.812301 _iMOH/P _k894.812301 _mMOH/P |
||
| 999 |
_c44669 _d44669 |
||